000 00583nam a2200181Ia 4500
003 GCL
008 140319s9999 xx 000 0 ara d
020 _a8721319960
040 _aGCL /
_cGCL
082 0 4 _a813.01
_bا ص
100 1 _aاشرف احسان جعفر فقيه
245 1 0 _aصائد الاشباح وقصص اخرى /
_cاشرف احسان جعفر فقيه
300 _a106 ص ؛
_c20 سم
650 0 4 _aالقصص القصيرة
650 0 4 _aالقصص - مجموعات
650 0 4 _aالقصص العربية القصيرة - السعودية
942 _2ddc
_cBK
999 _c6895
_d6895